| 000 | 00530cam a2200205ua 4500 | ||
|---|---|---|---|
| 003 | OSt | ||
| 008 | 250328b |||||||| |||| 00| 0 eng d | ||
| 041 | _aeng | ||
| 082 |
_a621.902 _bKIB/MA |
||
| 100 |
_aKibbe, Richard R . _97350 |
||
| 245 | _aMachine tool practices / | ||
| 250 | _a3 / | ||
| 260 |
_aNew Jersey : _bPrentice Hall Inc , _c1987. |
||
| 300 | _a839 ; . | ||
| 500 | _a** Reference | ||
| 700 | 1 |
_aMeyu, Roland O . _97351 |
|
| 700 | 1 |
_aNeely, John E . _97352 |
|
| 700 | 1 |
_aWhite, Warren T . _97353 |
|
| 942 | _cBK | ||
| 999 |
_c5617 _d5617 |
||